书目信息 |
| 题名: |
人力资源管理实务必备手册
|
|
| 作者: | 李剑 编著 | |
| 分册: | ||
| 出版信息: | 北京 中国言实出版社 2000.4 |
|
| 页数: | 423页 | |
| 开本: | 21cm | |
| 丛书名: | ||
| 单 册: | ||
| 中图分类: | F240 | |
| 科图分类: | ||
| 主题词: | 劳动经济--经济理论 | |
| 电子资源: | ||
| ISBN: | 7-80128-234-5 | |
| 000 | 00570nam0 2200193 45 | |
| 001 | 0112181024 | |
| 005 | 20041125151307.1 | |
| 010 | @a7-80128-234-5@dCNY28.00 | |
| 100 | @a20011218d2000 km y0chiy0120 ea | |
| 101 | 0 | @achi |
| 105 | @a z 000yy | |
| 200 | 1 | @a人力资源管理实务必备手册@ARen Li Zi Yuan Guan Li Shi Wu Bi Bei Shou Ce@f李剑编著@FLi Jian Bian Zhu |
| 210 | @a北京@c中国言实出版社@d2000.4 | |
| 215 | @a423页@d21cm | |
| 606 | 0 | @a劳动经济@x经济理论 |
| 690 | @aF240@v4 | |
| 701 | @a李剑@4编著 | |
| 801 | @aCN@bTSTC@c20011218 | |
| 905 | @f5@b301625-629@dF240@e24 | |
| 人力资源管理实务必备手册/李剑编著.-北京:中国言实出版社,2000.4 |
| 423页;21cm |
| ISBN 7-80128-234-5:CNY28.00 |
| ● |
| 相关链接 |
|
|
|
|
正题名:人力资源管理实务必备手册
索取号:F240/24
 
预约/预借
| 序号 | 登录号 | 条形码 | 馆藏地/架位号 | 状态 | 备注 |
| 1 | 0301625 | 203016253 | 第一借阅区/ [索取号:F240/24] | 在馆 | |
| 2 | 0301626 | 203016262 | 第一借阅区/ [索取号:F240/24] | 在馆 | |
| 3 | 0301627 | 203016271 | 第一借阅区/ [索取号:F240/24] | 在馆 | |
| 4 | 0301628 | 203016280 | 第一借阅区/ [索取号:F240/24] | 在馆 | |
| 5 | 0301629 | 203016299 | 第一样本阅览室/ [索取号:F240/24] | 在馆 |